ISO 11226 Ergonomics, Evaluation of static working postures : 2000-12-15
Na minha lista:
| Formato: | Livro |
|---|---|
| Idioma: | inglês |
| Publicado em: |
ISO
2000
|
| Assuntos: | |
| Tags: |
Sem tags, seja o primeiro a adicionar uma tag!
|
MARC
| LEADER | 00000nam a22000003a 4500 | ||
|---|---|---|---|
| 001 | 0105402 | ||
| 003 | SK-STU | ||
| 005 | 20231006141308.6 | ||
| 007 | ta | ||
| 008 | 231006s ----xo-----e------000-0-----d | ||
| 040 | |a STU |b slo | ||
| 041 | 0 | |a eng | |
| 044 | |a xxk | ||
| 245 | 1 | 0 | |a ISO 11226 |b Ergonomics, Evaluation of static working postures : 2000-12-15 |
| 260 | |b ISO |c 2000 | ||
| 300 | |a 19 s. | ||
| 650 | 0 | 7 | |a ergonómia |
| 996 | |b 284M089426 |c M* N-1721-1 |l MMKN |s A |a 24 |w 0105402_0001 | ||